|
|
|
|
| LEADER |
00000cam a22000004a 4500 |
| 001 |
musev2_67170 |
| 003 |
MdBmJHUP |
| 005 |
20230905050920.0 |
| 006 |
m o d |
| 007 |
cr||||||||nn|n |
| 008 |
190223s2018 xxk o 00 0 eng d |
| 020 |
|
|
|a 9781526126566
|
| 020 |
|
|
|z 9780719068843
|
| 020 |
|
|
|z 9780719068850
|
| 020 |
|
|
|z 1526126567
|
| 035 |
|
|
|a (OCoLC)1089228631
|
| 040 |
|
|
|a MdBmJHUP
|c MdBmJHUP
|
| 100 |
1 |
|
|a Ryan, Deborah Sugg.
|4 aut
|0 (FrPBN)17795551
|
| 245 |
1 |
0 |
|a Ideal homes, 1918-39 :
|b Domestic design and suburban Modernism /
|c Deborah Sugg Ryan.
|
| 264 |
|
1 |
|a Manchester (GB) :
|b Manchester university press.
|
| 264 |
|
3 |
|a Baltimore, Md. :
|b Project MUSE,
|c 2020
|
| 300 |
|
|
|a 1 online resource (264 pages):
|b ill. en noir et en coul. ;
|
| 336 |
|
|
|a text
|b txt
|2 rdacontent
|
| 337 |
|
|
|a computer
|b c
|2 rdamedia
|
| 338 |
|
|
|a online resource
|b cr
|2 rdacarrier
|
| 490 |
0 |
|
|a Studies in design & material culture
|
| 500 |
|
|
|a Bibliogr. p. [214] - 232. Index.
|
| 588 |
|
|
|a Description based on print version record.
|
| 650 |
|
7 |
|0 (FrPBN)11946136
|a Habitations de banlieues
|0 (FrPBN)11931584
|z Grande-Bretagne
|0 (FrPBN)11976044
|y 1900-1945.
|2 ram
|
| 650 |
|
7 |
|0 (FrPBN)11934791
|a Architecture domestique
|0 (FrPBN)11931584
|z Grande-Bretagne
|0 (FrPBN)11976044
|y 1900-1945.
|2 ram
|
| 650 |
|
7 |
|0 (FrPBN)13162865
|a Decoration interieure
|0 (FrPBN)11931584
|z Grande-Bretagne
|0 (FrPBN)11976044
|y 1900-1945.
|2 ram
|
| 655 |
|
7 |
|a Electronic books.
|2 local
|
| 710 |
2 |
|
|a Project Muse.
|e distributor
|
| 830 |
|
0 |
|a Book collections on Project MUSE.
|
| 856 |
4 |
0 |
|z Texto completo
|u https://projectmuse.uam.elogim.com/book/67170/
|
| 945 |
|
|
|a Project MUSE - Custom Collection
|
| 945 |
|
|
|a Project MUSE - 2018 History Supplement
|
| 945 |
|
|
|a Project MUSE - 2018 Complete Supplement
|